000 01288nam0a2200373 4500
001 RU\NLR\bibl\376428
005 20250622152054.0
010 _a5-93356-018-9
_91000
021 _aRU
_b2003-3011
_9137
035 _a(NLR Aleph) 000370893
090 _a394947
_c394947
100 _a20030304d2002 |||y0rusy50 ca
101 0 _arus
_deng
102 _aRU
105 _aa |||||||||
200 1 _aТуберкулез глаз и сходные с ним заболевания
_fЕ. И. Устинова
_gС.-Петерб. гос. мед. ун-т им. акад. И. П. Павлова
210 _aСПб.
_cБ.и.
_d2002
215 _a275 с., [4] л. цв. ил.
_cил.
_d21
300 _aРез. на англ. яз.
320 _aБиблиогр.: с. 265-275
606 0 _aТуберкулез глаз
_9974484
_3RU\NLR\auth\6647164
610 0 _aТуберкулез глаз
675 _a617.7-002.5
_v3
_zrus
686 _a76.29
_2rugasnti
686 _a55.4
_2rubbk
686 _aР543.67
700 1 _aУстинова
_bЕ. И.
_f1927-
_gЕлена Ивановна
_4070
801 0 _aRU
_bRKP
_c20030304
_gPSBO
801 1 _aRU
_bRKP
_c20030304
801 2 _aRU
_bNLR
_c20030417
_grcr
830 _aАвт. по кн.
942 _cBOOK
980 _aNB